Об оптимальном управлении многоаппаратными технологическими системами; Современные техника и технологии; Т. 2
| Parent link: | Современные техника и технологии: сборник трудов XV Международной научно-практической конференции студентов, аспирантов и молодых ученых, Томск, 4-8 мая 2009 г/ Национальный исследовательский Томский политехнический университет (ТПУ).— , 2009 Т. 2.— 2009.— [С. 200-201] |
|---|---|
| Autor principal: | |
| Sumari: | Заглавие с титульного листа Электронная версия печатной публикации |
| Idioma: | rus |
| Publicat: |
2009
|
| Matèries: | |
| Accés en línia: | http://www.lib.tpu.ru/fulltext/c/2009/C01/V2/101.pdf |
| Format: | Electrònic Capítol de llibre |
| KOHA link: | https://koha.lib.tpu.ru/cgi-bin/koha/opac-detail.pl?biblionumber=246125 |
MARC
| LEADER | 00000naa2a2200000 4500 | ||
|---|---|---|---|
| 001 | 246125 | ||
| 005 | 20260115162818.0 | ||
| 035 | |a (RuTPU)RU\TPU\book\267567 | ||
| 035 | |a RU\TPU\book\267566 | ||
| 090 | |a 246125 | ||
| 100 | |a 20131124d2009 k y0rusy50 ca | ||
| 101 | 0 | |a rus | |
| 102 | |a RU | ||
| 135 | |a drnn ---uucaa | ||
| 181 | 0 | |a i | |
| 182 | 0 | |a b | |
| 200 | 1 | |a Об оптимальном управлении многоаппаратными технологическими системами |f Д. Н. Дюнова | |
| 203 | |a Текст |c электронный | ||
| 215 | |a 1 файл (623 Кб) | ||
| 300 | |a Заглавие с титульного листа | ||
| 300 | |a Электронная версия печатной публикации | ||
| 337 | |a Adobe Reader | ||
| 461 | 0 | |0 (RuTPU)RU\TPU\book\261117 |t Современные техника и технологии |o сборник трудов XV Международной научно-практической конференции студентов, аспирантов и молодых ученых, Томск, 4-8 мая 2009 г |o в 3 т. |f Национальный исследовательский Томский политехнический университет (ТПУ) |d 2009 | |
| 463 | 0 | |0 (RuTPU)RU\TPU\book\266450 |t Т. 2 |v [С. 200-201] |d 2009 | |
| 610 | 1 | |a электронный ресурс | |
| 610 | 1 | |a технологические системы | |
| 610 | 1 | |a многоаппаратные системы | |
| 610 | 1 | |a управление | |
| 610 | 1 | |a оптимальное управление | |
| 610 | 1 | |a дифференциальные уравнения | |
| 610 | 1 | |a зависимости | |
| 700 | 1 | |a Дюнова |b Д. Н. | |
| 801 | 1 | |a RU |b 63413507 |c 20130617 | |
| 801 | 2 | |a RU |b 63413507 |c 20131124 |g RCR | |
| 856 | 4 | |u http://www.lib.tpu.ru/fulltext/c/2009/C01/V2/101.pdf | |
| 942 | |c CF | ||